LEADER 00685nam0-22002531i-450- 001 990001223210403321 035 $a000122321 035 $aFED01000122321 035 $a(Aleph)000122321FED01 035 $a000122321 100 $a20000920d1969----km-y0itay50------ba 101 0 $aeng 200 1 $aUniform Algebras.$fby Gamelin T W. 210 $aEnglewood Cliffs [N.J.]$d1969 225 1 $aPrentice-Hall series in modern analysis 700 1$aGamelin,$bTheodore W.$056842 801 0$aIT$bUNINA$gRICA$2UNIMARC 901 $aBK 912 $a990001223210403321 952 $a10-G-10$b13798$fMA1 959 $aMA1 996 $aUniform Algebras$9343247 997 $aUNINA DB $aING01 LEADER 01322nam--2200373---4500 001 990000838860203316 005 20100805113009.0 035 $a0083886 035 $aUSA010083886 035 $a(ALEPH)000083886USA01 035 $a0083886 100 $a20020104d1992----km-y0ENGy0103----ba 101 $ager 102 $aDE 200 1 $aArbeitsschutzrecht$edie EG-Richtlinie zur Angleichung der Rechtsvorschriften der Mitgliedstaaten fur Maschinen$fErnst Lindl 210 $aBaden Baden$cNomos$d1992 215 $a192 p.$c23 cm 225 2 $aSchriftenreihe Europaisches recht, Politik und Wirtschaft$v157 410 1$12001$aSchriftenreihe Europaisches recht, Politik und Wirtschaft$v157 606 $aDiritto del lavoro$xPaesi della Comunità economica europea 676 $a344.401 700 1$aLINDL,$bErnst$0551012 801 0$aIT$bsalbc$gISBD 912 $a990000838860203316 951 $aXXIII.4. Coll. 15/ 41 (COLL. HDO 157)$b76460 EC$cXXIII.4. Coll. 15/ 41 (COLL. HDO)$d00274746 959 $aBK 969 $aGIU 979 $aPATTY$b90$c20020104$lUSA01$h0944 979 $c20020403$lUSA01$h1729 979 $aCHIARA$b90$c20030203$lUSA01$h1346 979 $aPATRY$b90$c20040406$lUSA01$h1658 979 $aRSIAV4$b90$c20100805$lUSA01$h1130 996 $aArbeitsschutzrecht$9967828 997 $aUNISA LEADER 01418nam a2200325Mi 4500 001 991002315819707536 008 040922s2004 it b 001 0 ita d 020 $a8880634356 035 $ab13508556-39ule_inst 040 $aDip.to Beni Arti e Storia$bita 082 $a780 100 1 $aRestani, Donatella$0156103 245 10$aMusica per governare :$bAlessandro, Adriano, Teoderico /$cDonatella Restani 260 $aRavenna :$bLongo,$c2004 300 $a106 p. ;$c24 cm 440 3$aLe tessere ;$v9 500 $aAlessandro Magno (356-323 B.C.); Hadrian (76-138 A.D.), Roman emperor; Theodoricus (ca. 454-526 A.D) 504 $aBibliografia: p. [85]-100. Indice 650 4$aStoria antica 650 4$aMusica 651 4$aRoma 700 $aRestani, Donatella$eauthor$4http://id.loc.gov/vocabulary/relators/aut$0156103 907 $a.b13508556$b28-01-14$c03-04-07 912 $a991002315819707536 945 $aLE019 A24 MUS F 6 $g1$i2019000028370$lle019$o-$pE15.00$q-$rl$s- $t0$u1$v0$w1$x0$y.i14417170$z03-04-07 945 $aLE019 A22 MUS G 13$g2$i2019000065788$lle019$og$pE15.00$q-$rl$s- $t0$u0$v0$w0$x0$y.i15222019$z21-01-11 945 $aLE007 780 RES 01.01$g1$i2007000144107$lle007$nLE007 2008 Giannini$op$pE15.00$q-$rl$s- $t0$u1$v5$w1$x0$y.i14803161$z16-07-08 996 $aMusica per governare$91015207 997 $aUNISALENTO 998 $ale019$a(2)le007$b03-04-07$cm$da $e-$fita$git $h0$i3